000 00342nam a2200169Ia 4500
100 _aSuzuki/Tokutaro
650 _aTPM
942 _cRB
366 _f25
654 _aTPM
245 _aTPM in process industries
260 _bCRC Press
_c1994
082 _a658.202
_bSUZ
300 _a391
546 _aENGLISH
_cInfo.Tech
999 _c24652
_d24652